LEADER 00953nam0-22003131i-450- 001 990007004870403321 005 20011128 035 $a000700487 035 $aFED01000700487 035 $a(Aleph)000700487FED01 035 $a000700487 100 $a20011128d1963----km-y0itay50------ba 101 0 $ager 102 $aDE 105 $ay-------001yy 200 1 $aEinwilligung und ärztliche Aufklärungspflicht$fGerd Geilen 210 $aBielefeld$cErnst und Werner Gieseking$d1963 215 $a200 p.$d24 cm 225 1 $aSchriften zum deutschen und europäischen Zivil-, Handels- und Prozessrecht$v22 676 $a344.041$v20$zita 700 1$aGeilen,$bGerd$0224790 801 0$aIT$bUNINA$gRICA$2UNIMARC 901 $aBK 912 $a990007004870403321 952 $aCOLLEZIONE 149 (22)$b69966$fFGBC 952 $aXII D 255$b72554$fFGBC 959 $aFGBC 996 $aEinwilligung und ärztliche Aufklärungspflicht$9699135 997 $aUNINA LEADER 01178nam0 22003011i 450 001 UON00148483 005 20231205102911.654 100 $a20020107d1931 |0itac50 ba 101 $aeng 102 $aUS 105 $a|||| 1|||| 200 1 $aBaha'ism$eIts origin, history, and teachings$fby William McElwee Miller 210 $aNew York$aChicago$cFleming H. Revell Company$dc1931 215 $a214 p.$d18 cm 606 $aBAHAISMO$3UONC002815$2FI 620 $aUS$dNew York$3UONL000050 620 $aUS$dChicago, Ill.$3UONL000120 686 $aIRA VII C$cIRAN - FILOSOFIA E RELIGIONE - BABISMO E BAHA'ISMO$2A 700 1$aMILLER McElwee$bWilliam$3UONV012898$0672495 712 $aFleming H. Revell Company$3UONV249208$4650 801 $aIT$bSOL$c20240220$gRICA 899 $aSIBA - SISTEMA BIBLIOTECARIO DI ATENEO$2UONSI 912 $aUON00148483 950 $aSIBA - SISTEMA BIBLIOTECARIO DI ATENEO$dSI IRA VII C 019 $eSI MR 24276 7 019 966 $aBABISMO$zBAHAISMO$3UONC006185 966 $aRELIGIONI IRANICHE$yBAHAISMO$3UONC005635 996 $aBaha'ism$91276568 997 $aUNIOR